| 000 | 00507cam a22001934a 4500 | ||
|---|---|---|---|
| 005 | 20250605163609.0 | ||
| 008 | 250528s ||||||||||||||||||||||||d | ||
| 035 | _a22465 | ||
| 020 | _a9789603444305 | ||
| 040 |
_aGR-AtMCL _bgre _dGR-AtMCL _eAACR2 |
||
| 245 | 1 | _aΠΕΡΙΒΑΛΛΟΝΤΙΚΗ ΨΥΧΟΛΟΓΙΑ | |
| 250 | _a2 | ||
| 260 |
_bΕλληνικά Γράμματα, _c1997 |
||
| 300 | _a321 | ||
| 700 | 1 | _aΣυγκολλιτου Εφη | |
| 942 | _cBK | ||
| 999 |
_c7517 _d7517 |
||